[Event "TUR-chT2"]
[Site "Konya"]
[Date "2018.07.12"]
[Round "4.10"]
[White "Adsiz, Melik Baver"]
[Black "Erken, Senih"]
[Result "1-0"]
[WhiteElo "1612"]
[BlackElo "1551"]
[PlyCount "113"]
[EventDate "2018.07.10"]
[EventType "team-swiss"]
[EventRounds "9"]
[EventCountry "TUR"]
[SourceTitle "EXT 2019"]
[Source "ChessBase"]
[SourceDate "2018.10.10"]
[SourceVersion "1"]
[SourceVersionDate "2018.10.10"]
[SourceQuality "1"]
[WhiteTeam "Bitlis Dernegi"]
[BlackTeam "Kanya Gambit"]
[WhiteTeamCountry "TUR"]
[BlackTeamCountry "TUR"]

1. e4 e6 2. d4 d5 3. Nc3 Bb4 4. e5 c5 5. a3 Ba5 6. b4 cxb4 7. Nb5 Bc7 8. Qg4 Ne7 9. Qxg7 Rg8 10. Qxh7 a6 11. axb4 Nbc6 12. c3 Rb8 13. Na3 Nxe5 14. dxe5 Bxe5 15. Bd2 Rh8 16. Qd3 Bd7 17. Nf3 Bg7 18. g3 Nf5 19. Bg2 Bc6 20. Nd4 Nxd4 21. cxd4 Qb6 22. Bc3 Ke7 23. 0-0 Rh6 24. Bd2 Rg6 25. Be3 Qxb4 26. Rfb1 Qa5 27. Nc4 Qd8 28. Ne5 Bxe5 29. dxe5 Qh8 30. Qa3+ Ke8 31. Bc5 Rh6 32. h4 Rc8 33. Be3 Rh5 34. Bg5 Rxg5 35. hxg5 Qxe5 36. Qe3 Qxe3 37. fxe3 Ke7 38. Rb4 Rg8 39. Rg4 Kd6 40. Bh3 Ke5 41. Rf1 Rg7 42. Kf2 a5 43. Ke1 a4 44. Kd2 Kd6 45. g6 fxg6 46. Rf6 g5 47. Rb4 Kc5 48. Rb1 b5 49. Rc1+ Kb6 50. Rxe6 Rc7 51. Rg6 b4 52. Kc2 d4 53. exd4 Kb7 54. Kb2 a3+ 55. Ka1 b3 56. Rcxc6 Rxc6 57. Bg2 1-0

[Event "TUR Cup"]
[Site "Antalya"]
[Date "2017.02.02"]
[Round "9"]
[White "Topbas, Ilter"]
[Black "Erken, Senih"]
[Result "0-1"]
[WhiteElo "1319"]
[BlackElo "1476"]
[PlyCount "34"]
[EventDate "2017.01.28"]
[EventType "swiss"]
[EventRounds "11"]
[EventCountry "TUR"]
[SourceTitle "CBM 176 Extra"]
[Source "ChessBase"]
[SourceDate "2017.03.02"]
[SourceVersion "1"]
[SourceVersionDate "2017.03.02"]
[SourceQuality "1"]

1. d4 d5 2. c4 c6 3. Nf3 e6 4. e3 Nf6 5. cxd5 cxd5 6. Bd3 Bd6 7. 0-0 Nbd7 8. Nbd2 a6 9. b3 b5 10. Re1 Bb7 11. Bb2 Ne4 12. Rc1 f5 13. Re2 0-0 14. Ne1 b4 15. f3 Bxh2+ 16. Kxh2 Qh4+ 17. Kg1 Ng3 0-1

[Event "TUR Cup"]
[Site "Antalya"]
[Date "2017.01.28"]
[Round "1"]
[White "Cansun, Can Alp"]
[Black "Erken, Senih"]
[Result "1-0"]
[WhiteElo "2044"]
[BlackElo "1476"]
[PlyCount "49"]
[EventDate "2017.01.28"]
[EventType "swiss"]
[EventRounds "11"]
[EventCountry "TUR"]
[SourceTitle "CBM 176 Extra"]
[Source "ChessBase"]
[SourceDate "2017.03.02"]
[SourceVersion "1"]
[SourceVersionDate "2017.03.02"]
[SourceQuality "1"]

1. e4 e6 2. d4 d5 3. Nd2 Ne7 4. Ngf3 Ng6 5. h4 h5 6. g3 c5 7. dxc5 Bxc5 8. Bd3 Qb6 9. 0-0 Bd7 10. Qe2 Bc6 11. exd5 Bxd5 12. c4 Bxf3 13. Nxf3 Nd7 14. a3 a5 15. Bg5 Ne7 16. b4 Bd6 17. c5 Nxc5 18. bxc5 Qxc5 19. Bb5+ Nc6 20. Be3 Qf5 21. Nd4 Qg6 22. Nxc6 0-0 23. Bf4 bxc6 24. Bxd6 cxb5 25. Bxf8 1-0